| 000 | 00000nas##2200000za#4500 |
| 001 | 9.514796 |
| 003 | CaOODSP |
| 005 | 20210615082915 |
| 007 | ta |
| 008 | 150406c1998||||xxc|| m #||||f| |0eng|d |
| 040 | |aCaOODSP|beng |
| 043 | |an-cn--- |
| 086 | 1 |aMP32-29E |
| 110 | 1 |aCanada.|bHuman Resources Development Canada. |bApplied Research Branch. |
| 245 | 10|aResearch paper |
| 246 | 3 |aResearch papers (Canada. Human Resources Development Canada. Applied Research Branch) |
| 260 | |aOttawa - Ontario : |bHuman Resources Development Canada. |
| 563 | |aSoftcover |
| 690 | 07|aGovernment policy|2gcpds |
| 690 | 07|aLabour market|2gcpds |
| 690 | 07|aResearch|2gcpds |
| 775 | 08|tDocument de recherche |w(CaOODSP)9.513150 |
| 776 | 0#|tResearch papers (Canada. Human Resources Development Canada. Applied Research Branch) |w(CaOODSP)9.504478 |